000
00311nam a2200109Ia 4500
008
221009s9999 xx 000 0 und d
082
_a
741.462
100
_a
वत्स्य, सन्तराम
_9
64459
245
0
_a
महाभारत
260
_b
ज्ञान भारती
942
_c
BK
999
_c
64680
_d
64680